| 000 | 00665nam a2200169 a 4500 | ||
|---|---|---|---|
| 008 | 100615s2005 ||||||||||||||||| || u | ||
| 050 | _aIBRD(08) | ||
| 100 | _aKellermann, Tom | ||
| 245 | 1 | 0 |
_aCapital markets and e-fraud: policy note and concept paper for future study _cby Tom Kellermann; Valarie Mcnevin |
| 260 |
_aWashington, D. C. _bWorld Bank _c2005 |
||
| 300 | _a26p. | ||
| 350 | _a0.00 | ||
| 490 | _aPolicy Research Working Paper | ||
| 650 | 0 | _aECONOMICS | |
| 700 | _aMcnevin, Valarie | ||
| 995 |
_D0.00 _FCBU-MAIN LIBRARY (Kitwe) _H1 _I0.00 _M1 _UAVAILABLE _WJun 15, 2010 _ZInternational Publications |
||
| 999 |
_c36720 _d36720 |
||